[Event "Gibraltar Challengers op-B"]
[Site "Caleta"]
[Date "2020.01.27"]
[Round "4"]
[White "Garcia Blazquez, Perez Manuel"]
[Black "Tkadlecek, Petr"]
[Result "1-0"]
[WhiteElo "1825"]
[BlackElo "1775"]
[PlyCount "103"]
[EventDate "2020.01.25"]
[EventType "swiss"]
[EventRounds "5"]
[EventCountry "GGB"]
[SourceTitle "CBM 194 Extra"]
[Source "ChessBase"]
[SourceDate "2020.03.31"]
[SourceVersion "1"]
[SourceVersionDate "2020.03.31"]
[SourceQuality "1"]

1. e4 c6 2. d4 g6 3. Nc3 Bg7 4. f4 d6 5. Nf3 Nf6 6. e5 dxe5 7. fxe5 Nd5 8. Bc4 0-0 9. 0-0 Nxc3 10. bxc3 b5 11. Bb3 a5 12. a4 Ba6 13. Ng5 e6 14. Rf3 Qe7 15. axb5 Bb7 16. bxc6 Bxc6 17. Rh3 a4 18. Bc4 Qb7 19. Rxh7 Bxg2 20. Ba3 Rd8 21. Qg4 Bh1 22. Qh3 Qg2+ 23. Qxg2 Bxg2 24. Kxg2 Rc8 25. Rf1 Ra7 26. Bc5 Rb7 27. h4 Rcc7 28. h5 gxh5 29. Bd3 Bxe5 30. Rxh5 Rxc5 31. dxc5 Bxc3 32. Rf3 Bb2 33. Be4 Rc7 34. Rg3 Kf8 35. Rf3 Ke8 36. c3 Nd7 37. Rh8+ Nf8 38. Nxe6 Re7 39. Bc6+ Rd7 40. Nxf8 a3 41. Re3+ Kd8 42. Ne6+ Ke7 43. Nd4+ Kf6 44. Bxd7 a2 45. Nb3 a1Q 46. Nxa1 Bxa1 47. c6 Kg5 48. c7 Kf4 49. Kf2 f5 50. c8Q Bb2 51. Rg8 Bxc3 52. Qc4+ 1-0

[Event "Gibraltar Amateur op-A"]
[Site "Caleta"]
[Date "2018.01.24"]
[Round "3"]
[White "Garcia Blazquez, Perez Manuel"]
[Black "Anjali, R Sagar"]
[Result "1-0"]
[WhiteElo "1877"]
[BlackElo "1792"]
[PlyCount "43"]
[EventDate "2018.01.22"]
[EventType "swiss"]
[EventRounds "5"]
[EventCountry "GGB"]
[SourceTitle "EXT 2019"]
[Source "ChessBase"]
[SourceDate "2018.10.10"]
[SourceVersion "1"]
[SourceVersionDate "2018.10.10"]
[SourceQuality "1"]

1. e4 e5 2. Nf3 Nc6 3. Bb5 a6 4. Bxc6 dxc6 5. 0-0 f6 6. Nc3 Bd6 7. d4 exd4 8. Qxd4 c5 9. Qc4 Ne7 10. a4 Nc6 11. Rd1 Qe7 12. Nd5 Qf7 13. Be3 b6 14. Nxb6 Bxh2+ 15. Kxh2 cxb6 16. Qxf7+ Kxf7 17. Rd6 Nb4 18. Rc1 Bg4 19. c3 Na2 20. Ra1 Be6 21. Rxb6 Bc4 22. b3 1-0

[Event "Gibraltar Amateur op-B"]
[Site "Caleta"]
[Date "2017.01.31"]
[Round "4"]
[White "Diaz Gallego, Saul"]
[Black "Garcia Blazquez, Perez Manuel"]
[Result "0-1"]
[WhiteElo "1700"]
[BlackElo "1851"]
[PlyCount "74"]
[EventDate "2017.01.28"]
[EventType "swiss"]
[EventRounds "5"]
[EventCountry "GGB"]
[SourceTitle "EXT 2018"]
[Source "ChessBase"]
[SourceDate "2017.10.13"]
[SourceVersion "1"]
[SourceVersionDate "2017.10.13"]
[SourceQuality "1"]

1. d4 f5 2. c4 g6 3. Nc3 Nf6 4. Bf4 Bg7 5. Nf3 0-0 6. g3 d6 7. Bg2 Nh5 8. Bd2 Nc6 9. d5 Ne5 10. Nxe5 dxe5 11. e4 f4 12. Bf3 Nf6 13. gxf4 exf4 14. e5 Nd7 15. e6 Ne5 16. Qe2 c6 17. h4 b5 18. h5 bxc4 19. hxg6 hxg6 20. Be4 cxd5 21. Nxd5 Bxe6 22. Nxf4 Bg4 23. f3 Bf5 24. Bd5+ e6 25. Bxa8 Qxa8 26. 0-0 Nd3 27. Nxd3 cxd3 28. Qe3 Bxb2 29. Rab1 Bg7 30. Rb3 Qd8 31. Qg5 Bf6 32. Qh6 Qc7 33. Qh2 Bd4+ 34. Kg2 Be5 35. Qh6 Bg7 36. Qh2 Qc2 37. Qf4 Bh3+ 0-1

[Event "Granada Nazari 1st op"]
[Site "Granada"]
[Date "2014.04.20"]
[Round "7.5"]
[White "Garcia Blazquez, Perez Manuel"]
[Black "Orantes Taboada, Manuel"]
[Result "0-1"]
[WhiteElo "1913"]
[BlackElo "1944"]
[PlyCount "94"]
[EventDate "2014.04.15"]
[EventType "swiss"]
[EventRounds "7"]
[EventCountry "ESP"]
[SourceTitle "EXT 2024"]
[Source "ChessBase"]
[SourceDate "2023.10.10"]
[SourceVersion "1"]
[SourceVersionDate "2023.10.10"]
[SourceQuality "1"]
[WhiteTeam "Granada Comb"]
[BlackTeam "International Comb"]
[WhiteTeamCountry "ESP"]
[BlackTeamCountry "ESP"]

1. e4 c5 2. Nf3 Nc6 3. d4 cxd4 4. Nxd4 g6 5. c4 Bg7 6. Be3 d6 7. Nc3 Nf6 8. Be2 0-0 9. 0-0 Bd7 10. f3 Nxd4 11. Bxd4 a5 12. Qd2 Bc6 13. Rfd1 Nd7 14. Be3 Nc5 15. Rac1 Be5 16. b3 e6 17. Bxc5 dxc5 18. Qxd8 Rfxd8 19. Rxd8+ Rxd8 20. Rd1 Rxd1+ 21. Nxd1 Bd4+ 22. Kf1 f5 23. exf5 gxf5 24. f4 Be4 25. Nf2 Bb1 26. Nd3 Bxa2 27. Nc1 Bb1 28. Bd3 Bxd3+ 29. Nxd3 Kf7 30. Ke2 Ke7 31. Kf3 Kd6 32. g4 Kc6 33. g5 b5 34. cxb5+ Kxb5 35. h4 Bg7 36. h5 c4 37. bxc4+ Kxc4 38. Ne5+ Kc3 39. Ke3 a4 40. Nd3 a3 41. Nc1 Bd4+ 42. Ke2 Kc2 43. Na2 Bb2 44. g6 hxg6 45. hxg6 Kb1 46. Nb4 a2 47. Nxa2 Kxa2 0-1

[Event "Granada Nazari 1st op"]
[Site "Granada"]
[Date "2014.04.19"]
[Round "5.5"]
[White "Garcia Blazquez, Perez Manuel"]
[Black "Cobo Montejo, Miguel Angel"]
[Result "1-0"]
[WhiteElo "1913"]
[BlackElo "2001"]
[PlyCount "137"]
[EventDate "2014.04.15"]
[EventType "swiss"]
[EventRounds "7"]
[EventCountry "ESP"]
[SourceTitle "EXT 2024"]
[Source "ChessBase"]
[SourceDate "2023.10.10"]
[SourceVersion "1"]
[SourceVersionDate "2023.10.10"]
[SourceQuality "1"]
[WhiteTeam "Granada Comb"]
[BlackTeam "International Comb"]
[WhiteTeamCountry "ESP"]
[BlackTeamCountry "ESP"]

1. e4 c5 2. Nf3 d6 3. d4 cxd4 4. Nxd4 Nf6 5. Nc3 a6 6. Be3 Ng4 7. Bg5 h6 8. Bh4 g5 9. Bg3 Bg7 10. f3 Ne5 11. Bf2 Nbc6 12. a4 Bd7 13. Nb3 Be6 14. a5 Bxb3 15. Bb6 Bxc2 16. Qxc2 Qd7 17. Nd5 Rc8 18. Qd2 e6 19. Ne3 Bf6 20. h4 Rg8 21. Rd1 Ke7 22. h5 Rge8 23. b4 Kf8 24. b5 Nb8 25. Qxd6+ Qxd6 26. Rxd6 Ned7 27. bxa6 bxa6 28. Nc4 Be7 29. Rd1 Rc6 30. Bd3 Rec8 31. 0-0 Nxb6 32. Nxb6 Bc5+ 33. Kh2 Bxb6 34. axb6 Rxb6 35. f4 Rc3 36. fxg5 hxg5 37. h6 e5 38. h7 Rh6+ 39. Kg3 Rxh7 40. Kg4 Rh6 41. Rf5 f6 42. g3 Ke7 43. Rb1 Rxd3 44. Rxb8 Rd4 45. Rb7+ Ke6 46. Rb6+ Rd6 47. Rb8 Rh7 48. Rf8 Rf7 49. Ra8 Rb6 50. Kh5 Kd6 51. Kg6 Rfb7 52. Rxf6+ Kc5 53. Rxa6 Rxa6 54. Rxa6 g4 55. Kf5 Kd4 56. Ra4+ Ke3 57. Kxg4 Rg7+ 58. Kf5 Rf7+ 59. Kxe5 Kf3 60. Ke6 Rf8 61. Ke7 Rg8 62. e5 Kxg3 63. e6 Kh3 64. Kf7 Rg1 65. Rf4 Kg3 66. Rf6 Re1 67. e7 Kg4 68. Re6 Rf1+ 69. Kg6 1-0

[Event "Granada Nazari 1st op"]
[Site "Granada"]
[Date "2014.04.18"]
[Round "4.5"]
[White "Daechert, Peter"]
[Black "Garcia Blazquez, Perez Manuel"]
[Result "1-0"]
[WhiteElo "2022"]
[BlackElo "1913"]
[PlyCount "51"]
[EventDate "2014.04.15"]
[EventType "swiss"]
[EventRounds "7"]
[EventCountry "ESP"]
[SourceTitle "EXT 2024"]
[Source "ChessBase"]
[SourceDate "2023.10.10"]
[SourceVersion "1"]
[SourceVersionDate "2023.10.10"]
[SourceQuality "1"]
[WhiteTeam "International Comb"]
[BlackTeam "Granada Comb"]
[WhiteTeamCountry "ESP"]
[BlackTeamCountry "ESP"]

1. e4 c5 2. Nf3 d6 3. c3 g6 4. Bc4 Bg7 5. d4 cxd4 6. cxd4 Nf6 7. Nc3 0-0 8. h3 Qc7 9. Qe2 Be6 10. Bxe6 fxe6 11. 0-0 Nc6 12. Be3 Nd8 13. Rac1 Qd7 14. Rfd1 Nf7 15. Ne1 Rfc8 16. Nd3 Rc7 17. e5 Ne8 18. Nf4 Rac8 19. Qg4 Nh6 20. Qxe6+ Kh8 21. Qxd7 Rxd7 22. e6 Rdc7 23. Nfd5 Rc4 24. Nxe7 R8c7 25. Ned5 Rc8 26. b3 1-0

[Event "Roquetas de Mar U2150 op"]
[Site "Roquetas de Mar"]
[Date "2013.01.06"]
[Round "6.4"]
[White "Aguilera Quiztke, Alexandra"]
[Black "Garcia Blazquez, Perez Manuel"]
[Result "1-0"]
[WhiteElo "1865"]
[BlackElo "1898"]
[PlyCount "97"]
[EventDate "2013.01.04"]
[EventType "swiss"]
[EventRounds "7"]
[EventCountry "ESP"]
[SourceTitle "EXT 2024"]
[Source "ChessBase"]
[SourceDate "2023.10.10"]
[SourceVersion "1"]
[SourceVersionDate "2023.10.10"]
[SourceQuality "1"]

1. e4 c5 2. Nc3 Nc6 3. f4 d6 4. Nf3 e6 5. Bb5 g6 6. d3 Bg7 7. f5 exf5 8. 0-0 Nge7 9. Qe1 0-0 10. Qh4 a6 11. Bc4 b5 12. Bb3 Be6 13. Ng5 h5 14. Bxe6 fxe6 15. Nxe6 Qb6 16. Nxf8 c4+ 17. Kh1 Rxf8 18. Bg5 Rf7 19. dxc4 bxc4 20. exf5 Nxf5 21. Qxc4 Ne5 22. Qc8+ Kh7 23. Ne4 Ng4 24. Bd8 Rf8 25. Ng5+ Kh6 26. Nf7+ Kh7 27. Ng5+ Kh6 28. Nf7+ Kh7 29. Rxf5 Nf2+ 30. Rxf2 Qxf2 31. Ng5+ Kh6 32. Nh3 Qe2 33. Bg5+ Kh7 34. Qc6 Rf1+ 35. Rxf1 Qxf1+ 36. Ng1 Bd4 37. Qd7+ Kh8 38. Qe8+ Kh7 39. Be3 Bxb2 40. Qe7+ Kh8 41. Qxd6 Kh7 42. Qc7+ Kh8 43. Qb8+ Kh7 44. Qxb2 a5 45. Qb7+ Kg8 46. Bd4 Kf8 47. Qg7+ Ke8 48. Qxg6+ Kd8 49. Qf6+ 1-0

[Event "Roquetas de Mar U2150 op"]
[Site "Roquetas de Mar"]
[Date "2013.01.05"]
[Round "4.2"]
[White "Munoz Manzano, Jose Manuel"]
[Black "Garcia Blazquez, Perez Manuel"]
[Result "1-0"]
[WhiteElo "1990"]
[BlackElo "1898"]
[PlyCount "113"]
[EventDate "2013.01.04"]
[EventType "swiss"]
[EventRounds "7"]
[EventCountry "ESP"]
[SourceTitle "EXT 2024"]
[Source "ChessBase"]
[SourceDate "2023.10.10"]
[SourceVersion "1"]
[SourceVersionDate "2023.10.10"]
[SourceQuality "1"]

1. d4 Nf6 2. c4 e6 3. g3 c5 4. d5 exd5 5. cxd5 d6 6. Nc3 g6 7. Bg2 Bg7 8. Nf3 0-0 9. 0-0 Re8 10. Nd2 a6 11. a4 Nbd7 12. h3 Rb8 13. Nc4 Ne5 14. Na3 b6 15. f4 Ned7 16. e4 h5 17. Re1 Nh7 18. Nc4 Ndf8 19. Kh2 b5 20. axb5 axb5 21. Na5 Bd7 22. Nb3 b4 23. Nb1 Qb6 24. N1d2 Bb5 25. Na5 Ra8 26. Nac4 Qc7 27. Rxa8 Rxa8 28. e5 dxe5 29. d6 Qa7 30. Bxa8 Qxa8 31. Nxe5 Bxe5 32. Rxe5 Ne6 33. Nb3 Qc6 34. d7 Qxd7 35. Qxd7 Bxd7 36. Nxc5 Nxc5 37. Rxc5 Be6 38. Bd2 b3 39. Bc3 f6 40. Rc6 Kf7 41. Rc7+ Kg8 42. h4 Bf7 43. Kg1 Kg7 44. Rc6 Bd5 45. Rd6 Bc4 46. Kf2 Bf7 47. Ke3 Bc4 48. Kd4 Bf7 49. Kc5 Be8 50. Kb6 Bf7 51. Kc7 Bc4 52. Kd8 Bf7 53. Ke7 Bc4 54. Bxf6+ Nxf6 55. Rxf6 Bd3 56. Rf7+ Kg8 57. Kf6 1-0